| 000 | 00703nam a22001935a 4500 | ||
|---|---|---|---|
| 005 | 20160120115246.0 | ||
| 008 | 150705s1996 nyu gr 000 0 eng d | ||
| 020 | _a9780140195132 | ||
| 040 |
_aEG-ScBUE _beng _cEG-ScBUE _dEG-ScBUE |
||
| 082 | 0 | 4 |
_222 _a297.4 _bSHA |
| 100 | 1 |
_aShah, Idries, _939102 _d1924-1996 |
|
| 245 | 1 | 0 |
_aLearning how to learn : _bpsychology and spirituality in the Sufi way / _cIdries Shah ; with an introduction by Doris Lessing. |
| 260 |
_aNew York : _bPenguin Compass, _c1996. |
||
| 300 |
_a302 p. ; _c22 cm. |
||
| 650 | 7 |
_2BUEsh _aSufism. _939103 |
|
| 653 |
_bEEENG _bGGEN _cJuly2015 _cJanuary2016 |
||
| 700 | 1 |
_aLessing, Doris, _99495 _eauthor of introduction, etc. |
|
| 942 | _2ddc | ||
| 999 |
_c20167 _d20139 |
||